01457cam a2200349 a 4500952014600000952014600146999001500292001000900307003000400316005001700320008004100337010001700378020001800395020001500413035002400428040003500452050002300487082002200510100003000532245009300562250001300655260003800668300003300706490007200739504005100811650002700862700002800889700003400917830006900951906004501020942004201065 00102ddc40708MANAGEMENTaMESbMEScMANAGEMENTd2019-02-20g650.00l0o658.15 BRE/Pp37207r2019-02-20 00:00:00t1w2019-02-20yBKzGL57R3 00102ddc40708MANAGEMENTaMESbMEScMANAGEMENTd2019-02-20g650.00l0o658.15 BRE/Pp37480r2019-02-20 00:00:00t2w2019-02-20yBKzGL57R3 c7925d792515989459OSt20200117113824.0091119s2011 nyua b 001 0 eng  a 2009048209 a9781259004650 a1259004651 a(OCoLC)ocn468233006 aDLCcDLCdC#PdBWXdYDXCPdDLC00aHG4026b.B667 201100a658.15222bBRE/P a Brealey, Richard A9122810aPrinciples of corporate finance /cRichard A. Brealey, Stewart C. Myers, Franklin Allen. a10th ed. aNew Delhi :bMcGraw-Hill,cc2012. a1002p :bcol. ill. ;c27 cm.1 aThe McGraw-Hill/Irwin series in finance, insurance, and real estate aIncludes bibliographical references and index. 0aCorporationsxFinance.1 aMyers, Stewart C.912431 aAllen, Franklin,d1956-91244 0aMcGraw-Hill/Irwin series in finance, insurance, and real estate. a7bcbccorignewd1eecipf20gy-gencatlg 2ddccBKh658.15iBRE/Pk658.15mBRE/P